<?xml version="1.0" encoding="UTF-8"?>
<collection xmlns="http://www.loc.gov/MARC21/slim">
 <record>
  <leader>00795nmm a22002295u 4500</leader>
  <controlfield tag="001">springer.978-88-470-0346-0</controlfield>
  <controlfield tag="003">Springer</controlfield>
  <controlfield tag="005">20100326141711.0</controlfield>
  <controlfield tag="007">cr#nn#008mamaa</controlfield>
  <controlfield tag="008">100301s2005    xx         j        ita#d</controlfield>
  <datafield tag="020" ind1=" " ind2=" ">
   <subfield code="a">9788847003477</subfield>
  </datafield>
  <datafield tag="100" ind1="1" ind2=" ">
   <subfield code="a">Manaresi, Mirella.</subfield>
  </datafield>
  <datafield tag="245" ind1="1" ind2="0">
   <subfield code="a">Matematica e cultura in Europa</subfield>
   <subfield code="h">[electronic resource] /</subfield>
   <subfield code="c">edited by Mirella Manaresi.</subfield>
  </datafield>
  <datafield tag="260" ind1=" " ind2=" ">
   <subfield code="a">Milano :</subfield>
   <subfield code="b">Springer-Verlag Italia,</subfield>
   <subfield code="c">2005.</subfield>
  </datafield>
  <datafield tag="300" ind1=" " ind2=" ">
   <subfield code="b">v.: digital</subfield>
  </datafield>
  <datafield tag="650" ind1=" " ind2="0">
   <subfield code="a">Mathematics</subfield>
  </datafield>
  <datafield tag="650" ind1="1" ind2="4">
   <subfield code="a">Mathematics</subfield>
  </datafield>
  <datafield tag="650" ind1="2" ind2="4">
   <subfield code="a">Applications of Mathematics</subfield>
  </datafield>
  <datafield tag="650" ind1="2" ind2="4">
   <subfield code="a">Mathematics, general</subfield>
  </datafield>
  <datafield tag="650" ind1="2" ind2="4">
   <subfield code="a">Popular Science in Mathematics/Computer Science/Natural Science/Technology</subfield>
  </datafield>
  <datafield tag="710" ind1="2" ind2=" ">
   <subfield code="a">SpringerLink (Online service)</subfield>
  </datafield>
  <datafield tag="856" ind1="4" ind2="0">
   <subfield code="u">http://dx.doi.org/10.1007/b138300</subfield>
   <subfield code="y">SpringerLink, via BECYT</subfield>
  </datafield>
 </record>
</collection>
